| 000 | 00870nam a2200253Ia 4500 | ||
|---|---|---|---|
| 003 | OSt | ||
| 005 | 20220923212648.0 | ||
| 006 | a|||||r|||| 00| 0 | ||
| 007 | ta | ||
| 008 | 220922b |||||||| |||| 00| 0 hin d | ||
| 024 | _a154,997 | ||
| 037 | _cTextual | ||
| 040 |
_aARTS _cARTS _bhin |
||
| 041 |
_2hin _ahin |
||
| 082 | _aO44,1:g, 152L0 | ||
| 100 |
_aझारी, कृष्णदेव _9156272 |
||
| 245 | 0 | _aभारतीय काव्यशास्त्र के सिद्धान्त | |
| 246 | _aBhāratīya kāvyashāstra ke siddhānta | ||
| 260 |
_aदिल्ली _b अशोक प्रकाशन _c1980 |
||
| 300 |
_a352 पृ. _ccm. |
||
| 650 |
_aहिन्दी साहित्य _9156264 |
||
| 942 |
_hO44,1:g, 152L0 _cTEXL _2CC |
||
| 999 |
_c310584 _d310584 |
||